The invisible man
| Main Author: | |
|---|---|
| Format: | Book |
| Published: |
New Delhi :
APH Pub. Corp ,
2012
|
| Subjects: |
MARC
| LEADER | 00000cam a2200000 7i4500 | ||
|---|---|---|---|
| 001 | 0000037414 | ||
| 005 | 20131002.0 | ||
| 008 | 130701 | ||
| 020 | |a 8131314074 | ||
| 090 | 0 | 0 | |a WEL |b ENG |
| 100 | 1 | |a Wells, H. G | |
| 245 | 1 | 4 | |a The invisible man |c H. G. Wells |
| 260 | |a New Delhi : |b APH Pub. Corp , |c 2012 | ||
| 650 | 0 | |a English fiction | |
| 999 | |a 0001243530 |b Book |c Adult Collection |e Perbadanan Perpustakaan Awam Johor | ||
| 999 | |a 0001265617 |b Book |c Adult Collection |e Cawangan Taman Sri Lambak | ||
| 999 | |a 0001285249 |b Book |c Adult Collection |e Cawangan Taman Sri Lambak | ||